[Event "Titled Tuesday intern op 08th Mar Early"]
[Site "Chess.com INT"]
[Date "2022.03.08"]
[Round "4"]
[White "Ardila, Oscar Humberto"]
[Black "Obad, Andrija"]
[Result "1-0"]
[WhiteElo "1988"]
[BlackElo "2221"]
[PlyCount "75"]
[EventDate "2022.03.08"]
[EventType "swiss (blitz)"]
[EventRounds "11"]
[EventCountry "USA"]
[SourceTitle "CBM 207 Extra"]
[Source "ChessBase"]
[SourceDate "2022.05.31"]
[SourceVersion "1"]
[SourceVersionDate "2022.05.31"]
[SourceQuality "1"]

1. d4 Nf6 2. c4 c5 3. d5 b5 4. Qc2 g6 5. e4 d6 6. cxb5 a6 7. Nc3 Bg7 8. h3 0-0 9. Nf3 Nbd7 10. a4 Qa5 11. Bd2 Re8 12. Be2 axb5 13. Bxb5 Ba6 14. 0-0 Qb6 15. Rfe1 Bxb5 16. Nxb5 Reb8 17. Bc3 Ra6 18. b3 Rc8 19. Nd2 Qb8 20. Nc4 Nb6 21. Rad1 Nxc4 22. bxc4 Qa8 23. a5 Nd7 24. Bxg7 Kxg7 25. Ra1 Kg8 26. Qd2 Ne5 27. Qc3 Qb7 28. f4 Nd7 29. e5 Rca8 30. e6 Nf6 31. exf7+ Kxf7 32. Re3 Nxd5 33. Nxd6+ Rxd6 34. cxd5 Qxd5 35. Rae1 Ra7 36. Qh8 h5 37. Qh7+ Ke8 38. Rxe7+ 1-0

[Event "Titled Tuesday intern op 09th Nov"]
[Site "Chess.com INT"]
[Date "2021.11.09"]
[Round "3"]
[White "Kohler, Aran"]
[Black "Obad, Andrija"]
[Result "0-1"]
[WhiteElo "2121"]
[BlackElo "2221"]
[PlyCount "74"]
[EventDate "2021.11.09"]
[EventType "swiss (blitz)"]
[EventRounds "11"]
[EventCountry "USA"]
[SourceTitle "CBM 205 Extra"]
[Source "ChessBase"]
[SourceDate "2022.01.31"]
[SourceVersion "1"]
[SourceVersionDate "2022.01.31"]
[SourceQuality "1"]

1. d4 Nf6 2. c3 g6 3. Bg5 Bg7 4. Nd2 h6 5. Bh4 0-0 6. e3 d6 7. Bd3 b6 8. f4 Bb7 9. Ngf3 Nbd7 10. Qe2 c5 11. 0-0 cxd4 12. exd4 Re8 13. Rae1 a6 14. Ne4 Qc7 15. Nxf6+ Nxf6 16. Bxf6 Bxf6 17. Be4 b5 18. Bxb7 Qxb7 19. Qe4 Qxe4 20. Rxe4 Rac8 21. g4 Kf8 22. g5 Bg7 23. a3 e6 24. h4 h5 25. Rfe1 a5 26. d5 exd5 27. Rxe8+ Rxe8 28. Rxe8+ Kxe8 29. Kf2 Kd7 30. Ke3 Ke6 31. Nd4+ Bxd4+ 32. Kxd4 a4 33. Ke3 Kf5 34. Kf3 d4 35. cxd4 d5 36. Ke3 Kg4 37. Kd3 Kxf4 0-1

[Event "Titled Tuesday intern op 09th Nov"]
[Site "Chess.com INT"]
[Date "2021.11.09"]
[Round "2"]
[White "Obad, Andrija"]
[Black "Aketayeva, Dana"]
[Result "0-1"]
[WhiteElo "2221"]
[BlackElo "2130"]
[PlyCount "98"]
[EventDate "2021.11.09"]
[EventType "swiss (blitz)"]
[EventRounds "11"]
[EventCountry "USA"]
[SourceTitle "CBM 205 Extra"]
[Source "ChessBase"]
[SourceDate "2022.01.31"]
[SourceVersion "1"]
[SourceVersionDate "2022.01.31"]
[SourceQuality "1"]

1. e4 c5 2. Nf3 Nc6 3. g3 g6 4. Bg2 Bg7 5. 0-0 d6 6. c3 Nf6 7. Re1 0-0 8. d4 cxd4 9. cxd4 Qb6 10. h3 Nd7 11. d5 Nce5 12. Nc3 Nxf3+ 13. Qxf3 Ne5 14. Qe2 Bd7 15. Be3 Qa6 16. Qxa6 bxa6 17. f4 Nc4 18. Bc1 Bd4+ 19. Kh2 Rab8 20. Bf1 Nxb2 21. Bd2 Na4 22. Nxa4 Bxa1 23. Rxa1 Bxa4 24. Be3 Rb2+ 25. Kg1 Rc8 26. Bxa7 Bb5 27. Bd4 Rbc2 28. Bxb5 axb5 29. Be3 R8c3 30. Bf2 Rc1+ 31. Rxc1 Rxc1+ 32. Kg2 Rc2 33. Kf3 Rxa2 34. e5 Rd2 35. g4 Rxd5 36. exd6 Rxd6 37. Bg3 Rd3+ 38. Kf2 b4 39. f5 Rxg3 40. fxg6 b3 41. Kxg3 b2 42. gxf7+ Kxf7 43. Kh4 b1Q 44. g5 Qe4+ 45. Kh5 Qf3+ 46. Kh4 Qf4+ 47. Kh5 Qg3 48. h4 Kg8 49. g6 Qxg6# 0-1

[Event "Titled Tuesday intern op 09th Nov"]
[Site "Chess.com INT"]
[Date "2021.11.09"]
[Round "6"]
[White "Obad, Andrija"]
[Black "Belenkaya, Dina"]
[Result "0-1"]
[WhiteElo "2221"]
[BlackElo "2277"]
[PlyCount "120"]
[EventDate "2021.11.09"]
[EventType "swiss (blitz)"]
[EventRounds "11"]
[EventCountry "USA"]
[SourceTitle "CBM 205 Extra"]
[Source "ChessBase"]
[SourceDate "2022.01.31"]
[SourceVersion "1"]
[SourceVersionDate "2022.01.31"]
[SourceQuality "1"]

1. e4 d5 2. exd5 Qxd5 3. Nc3 Qe5+ 4. Nge2 c6 5. d4 Qc7 6. Bf4 Qb6 7. Rb1 Bf5 8. Be3 Qd8 9. Ng3 Bg6 10. Bd3 Bxd3 11. Qxd3 Nf6 12. 0-0 e6 13. h3 Bd6 14. Nge4 Nxe4 15. Nxe4 Bc7 16. f4 g6 17. Rbe1 0-0 18. c3 Nd7 19. Bf2 Bxf4 20. Bh4 Qc7 21. Be7 Rfe8 22. Nf6+ Nxf6 23. Bxf6 Bh6 24. Be5 Qd7 25. Rf6 Bg7 26. Ref1 Re7 27. Qf3 Rf8 28. h4 Qd5 29. Qg4 h5 30. Qg5 Rd7 31. b3 c5 32. R1f3 cxd4 33. cxd4 Qe4 34. R3f4 Qe1+ 35. Kh2 Rd5 36. g4 Bxf6 37. Qxf6 Rxe5 38. dxe5 Qe2+ 39. Kg3 Qe3+ 40. Rf3 Qg1+ 41. Kf4 Qxg4+ 42. Ke3 Qg1+ 43. Kf4 Qh2+ 44. Ke3 Kh7 45. Qg5 Qxa2 46. Kf4 Qd2+ 47. Re3 Qf2+ 48. Ke4 Qf5+ 49. Qxf5 gxf5+ 50. Kf4 Rg8 51. Rc3 Rg4+ 52. Kf3 Rxh4 53. Rc7 Kg6 54. Rxb7 Re4 55. Rxa7 Rxe5 56. Ra1 Rb5 57. Rb1 Rb4 58. Rg1+ Kf6 59. Rb1 h4 60. Kg2 e5 0-1

[Event "Speed Chess GP2"]
[Site "Chess.com INT"]
[Date "2021.09.25"]
[Round "6"]
[White "Balaji, Aaravamudhan"]
[Black "Obad, Andrija"]
[Result "0-1"]
[WhiteElo "2217"]
[BlackElo "2221"]
[PlyCount "70"]
[EventDate "2021.09.25"]
[EventType "swiss (blitz)"]
[EventRounds "10"]
[EventCountry "USA"]
[SourceTitle "CBM 204 Extra"]
[Source "ChessBase"]
[SourceDate "2021.11.30"]
[SourceVersion "1"]
[SourceVersionDate "2021.11.30"]
[SourceQuality "1"]

1. Nf3 Nf6 2. b3 d6 3. Bb2 e5 4. c4 c5 5. Nc3 Nc6 6. e3 Bg4 7. Be2 Be7 8. h3 Bh5 9. Ng5 Bxe2 10. Qxe2 0-0 11. 0-0 Re8 12. Rac1 Bf8 13. Nge4 Nxe4 14. Nxe4 f5 15. Nc3 e4 16. Rfd1 Ne5 17. Rc2 Nd3 18. Ba1 Re6 19. f4 Rg6 20. Nd5 Qh4 21. Kh1 a6 22. Rf1 b5 23. Nc7 Rb8 24. Nxa6 Rb6 25. Nc7 b4 26. Nd5 Rb8 27. Kh2 Qg3+ 28. Kh1 Qh4 29. Bb2 Re8 30. Nc7 Re7 31. Nb5 Ree6 32. a3 bxa3 33. Bxa3 Rg3 34. Rc3 Reg6 35. Rxd3 Rxh3+ 0-1

[Event "Speed Chess GP2"]
[Site "Chess.com INT"]
[Date "2021.09.25"]
[Round "1"]
[White "Smirnov, Pavel"]
[Black "Obad, Andrija"]
[Result "1-0"]
[WhiteElo "2544"]
[BlackElo "2221"]
[PlyCount "63"]
[EventDate "2021.09.25"]
[EventType "swiss (blitz)"]
[EventRounds "10"]
[EventCountry "USA"]
[SourceTitle "CBM 204 Extra"]
[Source "ChessBase"]
[SourceDate "2021.11.30"]
[SourceVersion "1"]
[SourceVersionDate "2021.11.30"]
[SourceQuality "1"]

1. d4 d5 2. c4 e6 3. Nf3 dxc4 4. Nc3 a6 5. a4 Nf6 6. e3 c5 7. Bxc4 cxd4 8. exd4 Be7 9. 0-0 0-0 10. Qe2 Nc6 11. Rd1 Nb4 12. Bg5 b6 13. Ne5 Bb7 14. a5 b5 15. Nxf7 Rxf7 16. Bxe6 Nbd5 17. Nxd5 Bxd5 18. Bxf7+ Bxf7 19. d5 Bd6 20. Qf3 Bh5 21. Qxh5 Nxh5 22. Bxd8 Rxd8 23. Rac1 Nf4 24. Rc6 Nxd5 25. Rxa6 Be5 26. g3 Bxb2 27. Rb6 Bf6 28. Rxb5 Nc7 29. Rxd8+ Bxd8 30. Rb8 Ne6 31. a6 Kf7 32. a7 1-0

[Event "Speed Chess GP2"]
[Site "Chess.com INT"]
[Date "2021.09.25"]
[Round "5"]
[White "Sreyas, Payyappat"]
[Black "Obad, Andrija"]
[Result "0-1"]
[WhiteElo "2244"]
[BlackElo "2221"]
[PlyCount "122"]
[EventDate "2021.09.25"]
[EventType "swiss (blitz)"]
[EventRounds "10"]
[EventCountry "USA"]
[SourceTitle "CBM 204 Extra"]
[Source "ChessBase"]
[SourceDate "2021.11.30"]
[SourceVersion "1"]
[SourceVersionDate "2021.11.30"]
[SourceQuality "1"]

1. e4 c5 2. Nf3 d6 3. d4 cxd4 4. Nxd4 Nf6 5. Nc3 g6 6. f4 Nc6 7. Be3 Bg7 8. Be2 0-0 9. Qd3 Ng4 10. Bg1 Nxd4 11. Bxd4 e5 12. fxe5 Nxe5 13. Qd2 Qh4+ 14. Bf2 Qe7 15. Nd5 Qd8 16. 0-0 Be6 17. Bd4 Bxd5 18. exd5 a6 19. c4 Rc8 20. Rac1 Qh4 21. Bf2 Qe7 22. b3 Rfe8 23. Rce1 Qd7 24. Bd4 b5 25. cxb5 axb5 26. Qf4 f5 27. Rf2 Re7 28. Rff1 Rce8 29. Qf2 Nd3 30. Bxd3 Bxd4 31. Qxd4 Rxe1 32. Qb4 Rxf1+ 33. Kxf1 Qe7 34. Bxb5 Rb8 35. a4 Qe5 36. Qc4 Rd8 37. a5 Qe3 38. a6 Rf8 39. Qe2 Qc5 40. Bc4 Kg7 41. Qe7+ Rf7 42. Qe2 Kf6 43. Qd3 Re7 44. Qc3+ Kf7 45. b4 Qb6 46. b5 Re3 47. Qa1 Qc5 48. Be2 Rc3 49. a7 Rc1+ 50. Qxc1 Qxc1+ 51. Kf2 Qc5+ 52. Kf3 Qxa7 53. Kf4 Qd4+ 54. Kf3 Qxd5+ 55. Kf2 Qc5+ 56. Kf3 Kf6 57. Bd3 g5 58. Ke2 g4 59. Kd2 Ke5 60. Be2 Kd4 61. Bd3 Qc3+ 0-1

[Event "BIH-chTA 27th"]
[Site "Lukavac"]
[Date "2020.11.03"]
[Round "8.3"]
[White "Kocyigit, Buse Naz"]
[Black "Obad, Andrija"]
[Result "1-0"]
[WhiteElo "2000"]
[BlackElo "2279"]
[PlyCount "73"]
[EventDate "2020.10.30"]
[EventType "team-tourn"]
[EventRounds "9"]
[EventCountry "BIH"]
[SourceTitle "CBM 199 Extra"]
[Source "ChessBase"]
[SourceDate "2021.01.31"]
[SourceVersion "1"]
[SourceVersionDate "2021.01.31"]
[SourceQuality "1"]
[WhiteTeam "Zenica Preporod"]
[BlackTeam "Konjic Igman"]
[WhiteTeamCountry "BIH"]
[BlackTeamCountry "BIH"]

1. Nf3 d5 2. d4 Nf6 3. c4 e6 4. Nc3 c6 5. e3 Nbd7 6. Qc2 Be7 7. Bd3 0-0 8. 0-0 b6 9. e4 dxe4 10. Nxe4 h6 11. Bf4 Nh5 12. Bd6 f5 13. Bxe7 Qxe7 14. Ng3 Nf4 15. Rfe1 Nxd3 16. Qxd3 Qd6 17. Rad1 Ba6 18. Qc3 Rae8 19. c5 Qc7 20. b4 Nf6 21. Ne5 Nd5 22. Qa3 Bb5 23. Rc1 bxc5 24. Rxc5 Qd6 25. Rec1 Nf6 26. Qb3 Kh7 27. a4 f4 28. axb5 fxg3 29. Qd3+ Kg8 30. hxg3 cxb5 31. Rc7 Qxb4 32. Rxa7 Nd5 33. Ng4 Rf5 34. Rb7 Qb2 35. Rb1 Qc3 36. Qxb5 Ref8 37. Qd7 1-0

[Event "BIH-chTA 27th"]
[Site "Lukavac"]
[Date "2020.11.03"]
[Round "7.1"]
[White "Obad, Andrija"]
[Black "Kekic, Armin"]
[Result "1/2-1/2"]
[WhiteElo "2279"]
[BlackElo "2192"]
[PlyCount "20"]
[EventDate "2020.10.30"]
[EventType "team-tourn"]
[EventRounds "9"]
[EventCountry "BIH"]
[SourceTitle "CBM 199 Extra"]
[Source "ChessBase"]
[SourceDate "2021.01.31"]
[SourceVersion "1"]
[SourceVersionDate "2021.01.31"]
[SourceQuality "1"]
[WhiteTeam "Konjic Igman"]
[BlackTeam "Cazin Ljiljan"]
[WhiteTeamCountry "BIH"]
[BlackTeamCountry "BIH"]

1. e4 d5 2. exd5 Qxd5 3. Nc3 Qa5 4. d4 Nf6 5. Nf3 Bg4 6. h3 Bxf3 7. Qxf3 c6 8. Bd2 Nbd7 9. Bc4 e6 10. 0-0 Qb6 1/2-1/2

[Event "BIH-chTA 27th"]
[Site "Lukavac"]
[Date "2020.10.31"]
[Round "3.1"]
[White "Mesic, Merim"]
[Black "Obad, Andrija"]
[Result "0-1"]
[WhiteElo "1775"]
[BlackElo "2279"]
[PlyCount "94"]
[EventDate "2020.10.30"]
[EventType "team-tourn"]
[EventRounds "9"]
[EventCountry "BIH"]
[SourceTitle "CBM 199 Extra"]
[Source "ChessBase"]
[SourceDate "2021.01.31"]
[SourceVersion "1"]
[SourceVersionDate "2021.01.31"]
[SourceQuality "1"]
[WhiteTeam "Gracanica"]
[BlackTeam "Konjic Igman"]
[WhiteTeamCountry "BIH"]
[BlackTeamCountry "BIH"]

1. e4 c5 2. Nf3 d6 3. Bc4 e6 4. c3 Nf6 5. d3 Be7 6. 0-0 0-0 7. Re1 Nc6 8. Nbd2 d5 9. Bb3 b5 10. Bc2 d4 11. Nf1 e5 12. Ng3 Rb8 13. cxd4 cxd4 14. h3 g6 15. Bh6 Re8 16. Bb3 Bf8 17. Bxf8 Kxf8 18. Qd2 Kg7 19. Ng5 Rb7 20. f4 Qd6 21. Ne2 Nh5 22. Rf1 Nxf4 23. Nxf4 exf4 24. Nf3 Be6 25. Bd1 f6 26. a3 g5 27. Qf2 Rd8 28. b4 Rc7 29. Rc1 Rdd7 30. Be2 Kf7 31. Kh1 Ne5 32. Rxc7 Qxc7 33. Nxd4 Qb6 34. Nxb5 Qxb5 35. d4 Bc4 36. Bh5+ Ng6 37. Re1 Qb6 38. Rd1 Kg7 39. Qb2 Bf7 40. d5 Ne5 41. Be2 Qf2 42. Rd2 Qe1+ 43. Kh2 Qg3+ 44. Kh1 Bg6 45. Bb5 Qe1+ 46. Kh2 Rc7 47. d6 Rc1 0-1

[Event "Titled Tuesday intern op 4th Aug 10am"]
[Site "Chess.com INT"]
[Date "2020.08.04"]
[Round "9"]
[White "Eggleston, Thomas"]
[Black "Obad, Andrija"]
[Result "0-1"]
[WhiteElo "2178"]
[BlackElo "2279"]
[PlyCount "124"]
[EventDate "2020.08.04"]
[EventType "swiss (blitz)"]
[EventRounds "10"]
[EventCountry "USA"]
[SourceTitle "CBM 197 Extra"]
[Source "ChessBase"]
[SourceDate "2020.09.30"]
[SourceVersion "1"]
[SourceVersionDate "2020.09.30"]
[SourceQuality "1"]

1. e4 c5 2. Nf3 d6 3. c3 Nf6 4. Be2 Qa5 5. d3 Nc6 6. 0-0 e5 7. Re1 Be7 8. h3 0-0 9. Bf1 h6 10. d4 cxd4 11. cxd4 exd4 12. Na3 d5 13. Bd2 Qb6 14. exd5 Nxd5 15. Nc4 Qc7 16. Rc1 Bf6 17. Nce5 Qb6 18. Nc4 Qd8 19. Bd3 Be6 20. Bb1 Bg5 21. Nxg5 hxg5 22. Qh5 Nf6 23. Qxg5 Bxc4 24. Rxc4 Qd5 25. Qxd5 Nxd5 26. Rc5 Rad8 27. a3 Nb6 28. Ba2 Na4 29. Rb5 b6 30. b3 Nc5 31. b4 Nd3 32. Re4 Rfe8 33. f3 Rxe4 34. fxe4 Nde5 35. Rd5 Kf8 36. Rxd8+ Nxd8 37. Bd5 Ke7 38. Kf2 Kd6 39. Kg3 Ne6 40. h4 Nd3 41. h5 Ke5 42. h6 gxh6 43. Bxh6 Ndf4 44. Bxf4+ Nxf4 45. Bxf7 d3 46. Bb3 Kxe4 47. Kf2 Kd4 48. Bd1 Nd5 49. g4 Nc3 50. Bb3 d2 51. g5 Ke5 52. g6 Kf6 53. Ke3 d1Q 54. Bxd1 Nxd1+ 55. Kd4 Kxg6 56. Kd5 Nb2 57. Kc6 Nc4 58. Kb7 Nxa3 59. Kxa7 b5 60. Kb6 Kf5 61. Kc5 Ke4 62. Kc6 Kd4 0-1

[Event "Titled Tuesday intern op 4th Aug 10am"]
[Site "Chess.com INT"]
[Date "2020.08.04"]
[Round "2"]
[White "Khegay, Dmitriy"]
[Black "Obad, Andrija"]
[Result "0-1"]
[WhiteElo "2528"]
[BlackElo "2279"]
[PlyCount "88"]
[EventDate "2020.08.04"]
[EventType "swiss (blitz)"]
[EventRounds "10"]
[EventCountry "USA"]
[SourceTitle "CBM 197 Extra"]
[Source "ChessBase"]
[SourceDate "2020.09.30"]
[SourceVersion "1"]
[SourceVersionDate "2020.09.30"]
[SourceQuality "1"]

1. Nc3 c5 2. Nf3 d6 3. e4 Nf6 4. d4 cxd4 5. Nxd4 a6 6. a4 e5 7. Nf3 h6 8. Bc4 Be7 9. 0-0 0-0 10. Re1 Be6 11. Qe2 Qc7 12. Bb3 Nc6 13. Rd1 Bxb3 14. cxb3 Rfe8 15. Be3 Nb4 16. Nd2 d5 17. exd5 Nfxd5 18. Nxd5 Nxd5 19. Nc4 Nxe3 20. Nxe3 Bc5 21. Nd5 Qd6 22. Rac1 Bd4 23. Nc7 Rac8 24. Nxe8 Rxe8 25. Qe4 Qb6 26. Qe2 g6 27. a5 Qd8 28. b4 Kg7 29. b5 Re6 30. b6 Rf6 31. Rf1 Qd5 32. b4 Qb3 33. Rc7 Qxb4 34. Rxb7 Qxa5 35. g3 Bxb6 36. Rb8 Bd4 37. Rb3 Qc5 38. Rf3 Rxf3 39. Qxf3 a5 40. Qa8 Qb4 41. Kg2 a4 42. Qe4 a3 43. Rb1 Qc3 44. Rb7 Qc4 0-1

[Event "Titled Tuesday intern op 4th Aug 10am"]
[Site "Chess.com INT"]
[Date "2020.08.04"]
[Round "3"]
[White "Obad, Andrija"]
[Black "Matveev, Vladimir1"]
[Result "1-0"]
[WhiteElo "2279"]
[BlackElo "2368"]
[PlyCount "123"]
[EventDate "2020.08.04"]
[EventType "swiss (blitz)"]
[EventRounds "10"]
[EventCountry "USA"]
[SourceTitle "CBM 197 Extra"]
[Source "ChessBase"]
[SourceDate "2020.09.30"]
[SourceVersion "1"]
[SourceVersionDate "2020.09.30"]
[SourceQuality "1"]

1. e4 c5 2. Nf3 d6 3. d4 cxd4 4. Nxd4 Nf6 5. Nc3 a6 6. Qd3 e5 7. Nb3 Be6 8. Be2 Nbd7 9. Bg5 Rc8 10. 0-0-0 Be7 11. h4 Qc7 12. Kb1 b5 13. f3 0-0 14. g4 Bc4 15. Qd2 b4 16. Nd5 Bxd5 17. exd5 a5 18. Bb5 Ra8 19. Bc6 a4 20. Nc1 a3 21. b3 Rab8 22. Nd3 e4 23. Nxb4 exf3 24. Bxd7 Ne4 25. Qd4 Nc3+ 26. Ka1 Bxg5 27. hxg5 Ne2 28. Qd3 g6 29. Nc6 Qxd7 30. Nxb8 Rxb8 31. Qxf3 Qc7 32. c4 Qe7 33. Qf6 Qxf6+ 34. gxf6 Nf4 35. g5 h5 36. gxh6 Kh7 37. Rde1 g5 38. Re7 Kg6 39. h7 Rh8 40. Rd7 g4 41. Rxd6 g3 42. Ra6 g2 43. Rg1 Rxh7 44. Rxg2+ Nxg2 45. Rxa3 Rh1+ 46. Kb2 Ne3 47. Kc3 Rh2 48. Ra8 Nd1+ 49. Kd4 Rd2+ 50. Kc5 Nc3 51. b4 Nxa2 52. b5 Nc3 53. b6 Rb2 54. Kc6 Ne2 55. b7 Nd4+ 56. Kc7 Kxf6 57. b8Q Rxb8 58. Rxb8 Ke5 59. Re8+ Kf6 60. d6 Ne6+ 61. Rxe6+ fxe6 62. d7 1-0

[Event "Titled Tuesday intern op 4th Aug 10am"]
[Site "Chess.com INT"]
[Date "2020.08.04"]
[Round "7"]
[White "Roebers, Jan"]
[Black "Obad, Andrija"]
[Result "1-0"]
[WhiteElo "2170"]
[BlackElo "2279"]
[PlyCount "83"]
[EventDate "2020.08.04"]
[EventType "swiss (blitz)"]
[EventRounds "10"]
[EventCountry "USA"]
[SourceTitle "CBM 197 Extra"]
[Source "ChessBase"]
[SourceDate "2020.09.30"]
[SourceVersion "1"]
[SourceVersionDate "2020.09.30"]
[SourceQuality "1"]

1. e4 c5 2. Nf3 d6 3. d4 cxd4 4. Nxd4 Nf6 5. Nc3 a6 6. f4 Qc7 7. a4 e5 8. Nf3 Nbd7 9. Bd3 Be7 10. 0-0 exf4 11. Bxf4 Ne5 12. Kh1 Bg4 13. Be2 Bxf3 14. Bxf3 0-0 15. Be2 Rac8 16. Qd4 Rfd8 17. Rad1 h6 18. Bg3 Qa5 19. Bh4 Ned7 20. Bd3 Qh5 21. Bg3 Ne5 22. Rf5 Qg4 23. Rdf1 Rc5 24. R1f4 Qg6 25. Nd5 Nxd5 26. exd5 Bf6 27. Rxf6 Nxd3 28. Rxg6 fxg6 29. Qxd3 g5 30. Re4 Rf8 31. h3 Kh8 32. Re7 Rcc8 33. Qd4 Rf6 34. Bxd6 Rxc2 35. Rxg7 Kxg7 36. Be5 Rc1+ 37. Kh2 Rcf1 38. Bxf6+ Rxf6 39. d6 Kf7 40. d7 Rf4 41. Qd5+ Ke7 42. d8Q# 1-0

[Event "Titled Tuesday intern op 16th June"]
[Site "Chess.com INT"]
[Date "2020.06.16"]
[Round "8"]
[White "Obad, Andrija"]
[Black "Sankalp, Baliarsingh"]
[Result "0-1"]
[WhiteElo "2279"]
[BlackElo "1760"]
[PlyCount "112"]
[EventDate "2020.06.16"]
[EventType "swiss (blitz)"]
[EventRounds "10"]
[EventCountry "USA"]
[SourceTitle "EXT 2021"]
[Source "ChessBase"]
[SourceDate "2020.10.23"]
[SourceVersion "1"]
[SourceVersionDate "2020.10.23"]
[SourceQuality "1"]

1. e4 c5 2. Nf3 d6 3. d4 cxd4 4. Nxd4 Nf6 5. Nc3 g6 6. Be3 Bg7 7. f3 0-0 8. Qd2 Nc6 9. g4 a6 10. 0-0-0 Qc7 11. h4 h5 12. g5 Nd7 13. Nd5 Qd8 14. f4 Nc5 15. Bg2 Bg4 16. Rde1 Rc8 17. Kb1 b5 18. Nxc6 Rxc6 19. e5 Rc8 20. exd6 Qxd6 21. Bd4 Bxd4 22. Qxd4 Rcd8 23. Rxe7 Ne6 24. Qf6 Nc5 25. Qxd6 Rxd6 26. Nf6+ Kg7 27. Rhe1 Rfd8 28. Ne8+ Kf8 29. Nxd6 Rxd6 30. Re8+ Kg7 31. b3 Be6 32. Re2 a5 33. Kb2 a4 34. bxa4 Nxa4+ 35. Ka3 Nc3 36. Re3 Nxa2 37. R3xe6 fxe6 38. Kxa2 Rd2 39. Be4 Rd4 40. Bd3 Rxf4 41. Rxe6 Rxh4 42. Rxg6+ Kf7 43. Rf6+ Kg7 44. Rb6 Rb4 45. Rb7+ Kg8 46. Ka3 Ra4+ 47. Kb3 h4 48. Bxb5 Rg4 49. Bc4+ Kf8 50. Rf7+ Ke8 51. Rf5 h3 52. Bd5 h2 53. Re5+ Kd7 54. Be6+ Kd6 55. Bxg4 h1Q 56. Re6+ Kc7 0-1

[Event "Titled Tuesday intern op 16th June"]
[Site "Chess.com INT"]
[Date "2020.06.16"]
[Round "3"]
[White "Obad, Andrija"]
[Black "Urh, Zala"]
[Result "1-0"]
[WhiteElo "2279"]
[BlackElo "2108"]
[PlyCount "37"]
[EventDate "2020.06.16"]
[EventType "swiss (blitz)"]
[EventRounds "10"]
[EventCountry "USA"]
[SourceTitle "EXT 2021"]
[Source "ChessBase"]
[SourceDate "2020.10.23"]
[SourceVersion "1"]
[SourceVersionDate "2020.10.23"]
[SourceQuality "1"]

1. e4 c5 2. Nf3 Nc6 3. d4 cxd4 4. Nxd4 Nf6 5. Nc3 e5 6. Ndb5 d6 7. Bg5 a6 8. Na3 b5 9. Bxf6 gxf6 10. Nd5 f5 11. Bxb5 axb5 12. Nxb5 Ra4 13. Nbc7+ Kd7 14. 0-0 Rxe4 15. Qh5 Nd4 16. c3 Ne2+ 17. Kh1 Be7 18. Qxf5+ Kc6 19. Qxe4 1-0

[Event "Titled Tuesday intern op 12th May"]
[Site "Chess.com INT"]
[Date "2020.05.12"]
[Round "10"]
[White "Almeida Junior, Alvaro Alves de"]
[Black "Obad, Andrija"]
[Result "0-1"]
[WhiteElo "2174"]
[BlackElo "2279"]
[PlyCount "84"]
[EventDate "2020.05.12"]
[EventType "swiss (blitz)"]
[EventRounds "10"]
[EventCountry "USA"]
[SourceTitle "EXT 2021"]
[Source "ChessBase"]
[SourceDate "2020.10.23"]
[SourceVersion "1"]
[SourceVersionDate "2020.10.23"]
[SourceQuality "1"]

1. e4 a6 2. a4 e5 3. Nf3 Nc6 4. Bc4 Nf6 5. 0-0 Bc5 6. d4 Bxd4 7. Nxd4 Nxd4 8. Bg5 d6 9. f4 Qe7 10. Na3 Bd7 11. fxe5 dxe5 12. c3 Ne6 13. Bxe6 Qxe6 14. Bxf6 gxf6 15. Qf3 0-0-0 16. Nc2 Rhg8 17. Ne3 Bc6 18. Rae1 Rg6 19. Nf5 Bxa4 20. Qh3 Kb8 21. Qxh7 Rd2 22. Rf2 Rxf2 23. Kxf2 Qb6+ 24. Ne3 Rg4 25. g3 Qxb2+ 26. Re2 Qxc3 27. Qxf7 Qd4 28. Qxf6 Rxe4 29. Qf8+ Ka7 30. Qa3 Bb5 31. Rc2 b6 32. Rxc7+ Kb8 33. Rc2 Qd8 34. Qc3 Rd4 35. Nf5 Rd3 36. Qxe5+ Ka8 37. Qe4+ Kb8 38. Qf4+ Ka8 39. Nd6 Rxd6 40. Qxd6 Qxd6 41. Re2 Qd4+ 42. Re3 Qd2+ 0-1

[Event "Titled Tuesday intern op 12th May"]
[Site "Chess.com INT"]
[Date "2020.05.12"]
[Round "3"]
[White "Foerster Yialamas, Lucas"]
[Black "Obad, Andrija"]
[Result "0-1"]
[WhiteElo "2010"]
[BlackElo "2279"]
[PlyCount "50"]
[EventDate "2020.05.12"]
[EventType "swiss (blitz)"]
[EventRounds "10"]
[EventCountry "USA"]
[SourceTitle "EXT 2021"]
[Source "ChessBase"]
[SourceDate "2020.10.23"]
[SourceVersion "1"]
[SourceVersionDate "2020.10.23"]
[SourceQuality "1"]

1. e4 a6 2. d4 e6 3. Nc3 d5 4. Nf3 Nf6 5. Bd3 c5 6. e5 Nfd7 7. Bg5 Qb6 8. dxc5 Bxc5 9. Na4 Bxf2+ 10. Kf1 Qc6 11. Kxf2 Qxa4 12. Rf1 Nc6 13. Qe2 h6 14. Bh4 Ncxe5 15. Nxe5 Qxh4+ 16. Kg1 Qd4+ 17. Qf2 Qxf2+ 18. Rxf2 Nxe5 19. Re1 Nxd3 20. cxd3 0-0 21. d4 Bd7 22. Rc2 Rfc8 23. Rd2 Kf8 24. Kf2 Rc7 25. Ke3 Rac8 0-1

[Event "Titled Tuesday intern op 12th May"]
[Site "Chess.com INT"]
[Date "2020.05.12"]
[Round "7"]
[White "Hess, Robert L"]
[Black "Obad, Andrija"]
[Result "1-0"]
[WhiteElo "2591"]
[BlackElo "2279"]
[PlyCount "87"]
[EventDate "2020.05.12"]
[EventType "swiss (blitz)"]
[EventRounds "10"]
[EventCountry "USA"]
[SourceTitle "CBM 196 Extra"]
[Source "ChessBase"]
[SourceDate "2020.07.31"]
[SourceVersion "1"]
[SourceVersionDate "2020.07.31"]
[SourceQuality "1"]

1. e4 a6 2. a4 e5 3. Nc3 Nc6 4. Bc4 Nf6 5. d3 Bc5 6. f4 d6 7. Nf3 Ng4 8. Ng5 exf4 9. Bxf4 Nce5 10. Bb3 Bd4 11. Rf1 0-0 12. Qd2 h6 13. Nf3 Nxf3+ 14. gxf3 Ne5 15. 0-0-0 b5 16. Bxh6 Qh4 17. Be3 Bxc3 18. Qxc3 bxa4 19. Bxa4 c5 20. d4 cxd4 21. Qxd4 Be6 22. f4 Ng4 23. Bg1 Rac8 24. f5 Rc4 25. Qxd6 Rxa4 26. fxe6 Ra1+ 27. Kd2 Qg5+ 28. Rf4 Rd8 29. exf7+ Kh7 30. Bc5 Rxd6+ 31. Bxd6 Qa5+ 32. b4 Rxd1+ 33. Kxd1 Qa1+ 34. Ke2 Qd4 35. f8Q Qe3+ 36. Kf1 Qc1+ 37. Kg2 Qd2+ 38. Kg3 Nf6 39. Rxf6 Qe3+ 40. Rf3 Qg1+ 41. Kf4 Qc1+ 42. Ke5 Qb2+ 43. Ke6 Qa2+ 44. Ke7 1-0

[Event "Titled Tuesday intern op 28th Apr"]
[Site "Chess.com INT"]
[Date "2020.04.28"]
[Round "9"]
[White "Schut, Lisa"]
[Black "Obad, Andrija"]
[Result "1-0"]
[WhiteElo "2259"]
[BlackElo "2279"]
[PlyCount "89"]
[EventDate "2020.04.28"]
[EventType "swiss (blitz)"]
[EventRounds "10"]
[EventCountry "USA"]
[SourceTitle "EXT 2021"]
[Source "ChessBase"]
[SourceDate "2020.10.23"]
[SourceVersion "1"]
[SourceVersionDate "2020.10.23"]
[SourceQuality "1"]

1. e4 c6 2. d4 d5 3. Nc3 dxe4 4. Nxe4 Bf5 5. Ng3 Bg6 6. h4 h6 7. Nf3 Nd7 8. h5 Bh7 9. Bd3 Bxd3 10. Qxd3 e6 11. Bd2 Ngf6 12. 0-0-0 a5 13. Kb1 Bb4 14. c3 Be7 15. Rde1 a4 16. Ne4 Nxe4 17. Qxe4 Nf6 18. Qe2 Qd5 19. Ne5 a3 20. b3 Nd7 21. f3 c5 22. Nxd7 Qxd7 23. Be3 Bf6 24. Rd1 cxd4 25. Bxd4 Bxd4 26. Rxd4 Qc6 27. Rc4 Qd5 28. g4 0-0 29. Rd1 Qg5 30. Rcd4 Rfc8 31. f4 Qf6 32. c4 Rd8 33. Qe4 Rxd4 34. Qxd4 Qe7 35. Kc2 Rc8 36. Qe5 Qb4 37. g5 hxg5 38. fxg5 b5 39. h6 Qf8 40. Rd7 bxc4 41. g6 cxb3+ 42. Kxb3 Rb8+ 43. Kc2 Qc8+ 44. Rc7 Qf8 45. gxf7+ 1-0